|
|
|
|
| LEADER |
01161nam a2200289 a 4500 |
| 001 |
3072886 |
| 008 |
120715s1998 enkab b 001 0 eng |
| 010 |
|
|
|a 97042227
|
| 020 |
|
|
|a 0521485827 (pbk.)
|
| 020 |
|
|
|a 0521481309 (hardback)
|
| 040 |
|
|
|a DLC
|c DLC
|d DLC
|d BD-DhAAL
|
| 043 |
|
|
|a e-uk---
|
| 050 |
0 |
0 |
|a PE2751
|b .M38 1998
|
| 082 |
0 |
0 |
|a 427
|2 21
|
| 100 |
1 |
|
|a McArthur, Tom
|q (Thomas Burns)
|
| 245 |
1 |
4 |
|a The English languages /
|c Tom McArthur.
|
| 260 |
|
|
|a Cambridge, United Kingdom ;
|a New York :
|b Cambridge University Press,
|c 1998.
|
| 300 |
|
|
|a xxi, 247 p. :
|b ill., maps ;
|c 22 cm.
|
| 504 |
|
|
|a Includes bibliographical references and index.
|
| 541 |
|
|
|e 00025604
|
| 650 |
|
0 |
|a English language
|x Variation
|z English-speaking countries.
|
| 650 |
|
0 |
|a English language
|x Variation
|z Foreign countries.
|
| 650 |
|
0 |
|a English language
|x Variation
|z Great Britain.
|
| 650 |
|
0 |
|a Communication, International.
|
| 852 |
1 |
|
|a Ayesha Abed Library
|c General shelf.
|
| 999 |
|
|
|c 12542
|d 12542
|
| 952 |
|
|
|0 0
|1 0
|2 ddc
|4 0
|6 427_MCA
|7 0
|9 20738
|a BRACUL
|b BRACUL
|c GEN
|d 2012-07-17
|e karim International
|g 2340.00
|l 3
|m 12
|o 427 MCA
|p 3010025604
|r 2019-04-18
|s 2019-01-08
|t 1
|w 2012-07-17
|y BK
|